Double 'O' Words Quiz Stats

Quiz Updated Sep 23, 2016

Challenge
Share
Tweet
Embed
Score 0/24 Timer 06:00
0 Plays Today
Clue Answer % Correct
E.g., 'Sunsilk' or 'Head & Shoulders'Shampoo
92.5%
Hangman's loopNoose
90.1%
People who share living quartersRoommates
89.3%
Raised areas of skin caused by fear or coldGoosebumps
88.4%
Curved barb at the end of a fishing lineHook
83.6%
Silky case for insect pupaeCocoon
81.4%
The largest of the marsupialsKangaroo
81.3%
Australian Aborigine's returning weaponBoomerang
79.4%
This candy 'Roll' is over 100 years oldTootsie
76.6%
Deep-bowled ice cream spoonScoop
75.9%
Left stranded (e.g., on a desert island)Marooned
73.6%
Military unit between a squad and a companyPlatoon
73%
Clue Answer % Correct
Ben Stiller's male model characterZoolander
72.9%
Ambiguity in a law that allows it to be bypassedLoophole
72.2%
Donald Duck's rich uncleScrooge
72.2%
Bl├╝cher and Wellington won this 1815 battleWaterloo
70.6%
Nickname for residents of IndianaHoosiers
67.9%
Go into a faintSwoon
63%
1980s Cybill Shepherd/Bruce Willis TV dramedyMoonlighting
56.4%
Wealthy entrepreneur or Captain of BusinessTycoon
54%
Evidence that removes all doubtProof
52.5%
Maelstrom, vortex, or eddyWhirlpool
46.1%
Marvel anti-hero created by Rob Liefeld and Fabian NiciezaDeadpool
36.6%
Able to act 'fancy freely' with no responsibilitiesFootloose
26.2%

You're not logged in!

Compare scores with friends on all Sporcle quizzes.
Sign Up with Email
OR
Log In

You Might Also Like...

Show Comments

Extras

Top Quizzes Today


Score Distribution

Your Account Isn't Verified!

In order to create a playlist on Sporcle, you need to verify the email address you used during registration. Go to your Sporcle Settings to finish the process.